The JCT 05 standard building contract (Record no. 110603)

MARC details
000 -LEADER
fixed length control field 01714cam a22002655a 4500
001 - CONTROL NUMBER
control field L149694
008 - FIXED-LENGTH DATA ELEMENTS--GENERAL INFORMATION
fixed length control field 100409s2009 xxk f 001 0 eng d
020 ## - INTERNATIONAL STANDARD BOOK NUMBER
International Standard Book Number 9781856176293
035 ## - SYSTEM CONTROL NUMBER
System control number (Sirsi) u149694
041 0# - LANGUAGE CODE
Language code of text/sound track or separate title eng
050 04 - LIBRARY OF CONGRESS CALL NUMBER
Classification number 343.4107869 $2 18
100 1# - MAIN ENTRY--PERSONAL NAME
Personal name Ndekugri, Issaka
245 04 - TITLE STATEMENT
Title The JCT 05 standard building contract
Remainder of title law and administration
250 ## - EDITION STATEMENT
Edition statement 2nd ed.
260 ## - PUBLICATION, DISTRIBUTION, ETC.
Place of publication, distribution, etc. London
Name of publisher, distributor, etc. Butterworth-Heinemann
Date of publication, distribution, etc. 2009
300 ## - PHYSICAL DESCRIPTION
Extent xxx, 557p.
Other physical details ill.
Dimensions 25cm.
350 ## - PRICE (NR) (BK AM CF MU VM SE) [OBSOLETE]
Price 29.99
505 2# - FORMATTED CONTENTS NOTE
Formatted contents note Style of JCT 05 standard building contract, contract execution and related problems -- Participants in the project and their roles under the contract -- JCT timetable -- Contractor designed work -- Architect's instructions -- Variations and provesional sums -- Risks to health and safety: allocation and insurance -- Novation, assignment and sub-contracting -- Third party rights and collateral warranties -- Health and safety obligations under the CDM regulations -- Delays, extension of time and liquidated damages -- Claims for damages and contractual claims: an overview -- Contractual money claims under JCT 05 -- Fluctuations -- Payments -- Termination -- Dispute resolution.
520 ## - SUMMARY, ETC.
Summary, etc. This books gives knowledge and understanding of the contract by clarifying the complex issues surrounding obligations and rights under the contract. It gives up to date information regarding new JCT standard building contracts but also the new legislation and controversies in the administration contracts.
651 #4 - SUBJECT ADDED ENTRY--GEOGRAPHIC NAME
Geographic name United Kingdom
Chronological subdivision
690 ## - LOCAL SUBJECT ADDED ENTRY--TOPICAL TERM (OCLC, RLIN)
Topical term or geographic name as entry element BUILT ENVIRONMENT-BUILDING CONTRACT FORMS-STANDARD FORMS OF BUILDING CONTRACT
700 1# - ADDED ENTRY--PERSONAL NAME
Personal name Rycroft, Michael
942 ## - ADDED ENTRY ELEMENTS (KOHA)
Suppress in OPAC 0
Holdings
Withdrawn status Lost status Source of classification or shelving scheme Damaged status Not for loan Home library Current library Shelving location Date acquired Total Checkouts Full call number Barcode Date last seen Date last checked out Copy number Price effective from Koha item type
    Dewey Decimal Classification     London London Books 16/08/2010 1 343.4107869 NDE 30075556 06/08/2019 04/02/2016 1 06/08/2019 Book